<?xml version="1.0" encoding="UTF-8"?>
<collection xmlns="http://www.loc.gov/MARC21/slim">
 <record>
  <leader>01604nam a22002657a 4500</leader>
  <controlfield tag="001">NCT_26883</controlfield>
  <controlfield tag="008">180222b        xxu||||| |||| 00| 0 vie d</controlfield>
  <datafield tag="999" ind1=" " ind2=" ">
   <subfield code="c">1288</subfield>
   <subfield code="d">1288</subfield>
  </datafield>
  <datafield tag="020" ind1=" " ind2=" ">
   <subfield code="c">36000</subfield>
  </datafield>
  <datafield tag="082" ind1="0" ind2="4">
   <subfield code="2">23rd ed.</subfield>
   <subfield code="a">516.6</subfield>
   <subfield code="b">C550/T.2</subfield>
  </datafield>
  <datafield tag="100" ind1="1" ind2=" ">
   <subfield code="a">Nguyễn Quang Cự</subfield>
  </datafield>
  <datafield tag="245" ind1="1" ind2="0">
   <subfield code="a">Hình học họa hình</subfield>
   <subfield code="n">Tập 2</subfield>
   <subfield code="p">Hình chiếu phối cảnh, hình chiếu có số, bóng trên các hình chiếu</subfield>
   <subfield code="c">Nguyễn Quang Cự, Đoàn Như kim, Dương Tiến Thọ</subfield>
  </datafield>
  <datafield tag="250" ind1=" " ind2=" ">
   <subfield code="a">Tái bản lần thứ 2</subfield>
  </datafield>
  <datafield tag="260" ind1=" " ind2=" ">
   <subfield code="a">H.</subfield>
   <subfield code="b">Giáo dục Việt Nam</subfield>
   <subfield code="c">2012</subfield>
  </datafield>
  <datafield tag="300" ind1=" " ind2=" ">
   <subfield code="a">159 tr.</subfield>
   <subfield code="b">Hình vẽ</subfield>
   <subfield code="c">27cm</subfield>
  </datafield>
  <datafield tag="653" ind1=" " ind2=" ">
   <subfield code="a">Khoa cơ bản</subfield>
  </datafield>
  <datafield tag="700" ind1="1" ind2="0">
   <subfield code="a">Đoàn Như Kim</subfield>
  </datafield>
  <datafield tag="700" ind1="1" ind2="0">
   <subfield code="a">Dương Tiến Thọ</subfield>
  </datafield>
  <datafield tag="942" ind1=" " ind2=" ">
   <subfield code="2">ddc</subfield>
   <subfield code="c">BK</subfield>
  </datafield>
  <datafield tag="952" ind1=" " ind2=" ">
   <subfield code="0">0</subfield>
   <subfield code="1">0</subfield>
   <subfield code="2">ddc</subfield>
   <subfield code="4">0</subfield>
   <subfield code="6">516_600000000000000_C550_T_2</subfield>
   <subfield code="7">0</subfield>
   <subfield code="9">6556</subfield>
   <subfield code="a">000001</subfield>
   <subfield code="b">000001</subfield>
   <subfield code="d">2018-02-22</subfield>
   <subfield code="o">516.6 C550/T.2</subfield>
   <subfield code="p">MD.09819</subfield>
   <subfield code="r">2018-02-22</subfield>
   <subfield code="v">36000.00</subfield>
   <subfield code="w">2018-02-22</subfield>
   <subfield code="y">BK</subfield>
  </datafield>
  <datafield tag="952" ind1=" " ind2=" ">
   <subfield code="0">0</subfield>
   <subfield code="1">0</subfield>
   <subfield code="2">ddc</subfield>
   <subfield code="4">0</subfield>
   <subfield code="6">516_600000000000000_C550_T_2</subfield>
   <subfield code="7">0</subfield>
   <subfield code="9">6557</subfield>
   <subfield code="a">000001</subfield>
   <subfield code="b">000001</subfield>
   <subfield code="d">2018-02-22</subfield>
   <subfield code="o">516.6 C550/T.2</subfield>
   <subfield code="p">MD.09820</subfield>
   <subfield code="r">2018-02-22</subfield>
   <subfield code="v">36000.00</subfield>
   <subfield code="w">2018-02-22</subfield>
   <subfield code="y">BK</subfield>
  </datafield>
  <datafield tag="952" ind1=" " ind2=" ">
   <subfield code="0">0</subfield>
   <subfield code="1">0</subfield>
   <subfield code="2">ddc</subfield>
   <subfield code="4">0</subfield>
   <subfield code="6">516_600000000000000_C550_T_2</subfield>
   <subfield code="7">0</subfield>
   <subfield code="9">6558</subfield>
   <subfield code="a">000001</subfield>
   <subfield code="b">000001</subfield>
   <subfield code="d">2018-02-22</subfield>
   <subfield code="o">516.6 C550/T.2</subfield>
   <subfield code="p">MD.09821</subfield>
   <subfield code="r">2018-02-22</subfield>
   <subfield code="v">36000.00</subfield>
   <subfield code="w">2018-02-22</subfield>
   <subfield code="y">BK</subfield>
  </datafield>
  <datafield tag="952" ind1=" " ind2=" ">
   <subfield code="0">0</subfield>
   <subfield code="1">0</subfield>
   <subfield code="2">ddc</subfield>
   <subfield code="4">0</subfield>
   <subfield code="6">516_600000000000000_C550_T_2</subfield>
   <subfield code="7">0</subfield>
   <subfield code="9">6559</subfield>
   <subfield code="a">000001</subfield>
   <subfield code="b">000001</subfield>
   <subfield code="d">2018-02-22</subfield>
   <subfield code="o">516.6 C550/T.2</subfield>
   <subfield code="p">MD.09822</subfield>
   <subfield code="r">2018-02-22</subfield>
   <subfield code="v">36000.00</subfield>
   <subfield code="w">2018-02-22</subfield>
   <subfield code="y">BK</subfield>
  </datafield>
  <datafield tag="952" ind1=" " ind2=" ">
   <subfield code="0">0</subfield>
   <subfield code="1">0</subfield>
   <subfield code="2">ddc</subfield>
   <subfield code="4">0</subfield>
   <subfield code="6">516_600000000000000_C550_T_2</subfield>
   <subfield code="7">0</subfield>
   <subfield code="9">6560</subfield>
   <subfield code="a">000001</subfield>
   <subfield code="b">000001</subfield>
   <subfield code="d">2018-02-22</subfield>
   <subfield code="o">516.6 C550/T.2</subfield>
   <subfield code="p">MD.09823</subfield>
   <subfield code="r">2018-02-22</subfield>
   <subfield code="v">36000.00</subfield>
   <subfield code="w">2018-02-22</subfield>
   <subfield code="y">BK</subfield>
  </datafield>
  <datafield tag="980" ind1=" " ind2=" ">
   <subfield code="a">Thư viện Trường Đại học Nam Cần Thơ</subfield>
  </datafield>
 </record>
</collection>
